01130fam a2200301 a 45000010008000000030012000080050017000200080041000370100017000780200015000950350020001100350023001300350017001530400022001700500021001920820020002131000024002332450065002572600053003223000035003754900089004105040060004996500038005598300090005979420012006879990017006999520112007161175447NUST - PNEC20170116181108.0900402s1991 njua b 001 0 eng  a 90035448  a0132490382 a(OCoLC)21407339 a(OCoLC)ocm21407339 a(NNC)1175447 aDLCcLIBRARYdDLC00aTP255b.P74 199100a660.297 PRE2201 aPrentice, Geoffrey.10aElectrochemical engineering principles /cGeoffrey Prentice. aEnglewood Cliffs, N.J. :bPrentice Hall,cc1991. axxii, 296 p. :bill. ;c24 cm.1 aPrentice-Hall international series in the physical and chemical engineering sciences aIncludes bibliographical references (p. 267) and index. 912723bElectrical engineeringxEE 0aPrentice-Hall international series in the physical and chemical engineering sciences. 2ddccBK c68996d68996 00102ddc4070aPNECbPNECcWING-Bd0000-00-00l0o660.297 PREpPNECLIB-021813r2015-10-03w0000-00-00yBK